Statistics for August 11th: Birthdays

Click here to take the quiz!

General Stats

  • This quiz has been taken 3 times
  • The average score is 4 of 9

Answer Stats

YearClueAnswer% Correct
1921Wrote RootsAlex Haley
100%
1953Professional WrestlerHulk Hogan
100%
1950Co-founder of AppleSteve Wozniak
67%
1983Actor in AvengersChris Hemsworth
33%
1967Part of Fear FactorJoe Rogan
33%
1943President of PakistanPervez Musharraf
33%
1858Won Nobel Prize in MedicineChristiaan Eijkman
0%
1864Prime Minister of GreeceEleftherios Venizelos
0%
1897Wrote about the Famous FiveEnid Blyton
0%

Score Distribution

Percentile by Number Answered

Percent of People with Each Score

Your Score History

You have not taken this quiz